000 00745cam a22002653a 4500
001 16063
003 PGUSA
005 20140828083337.0
008 050614s2005||||xxu|||||s|||||000 1 eng d
040 _aPGUSA
_beng
042 _adc
050 4 _aPR
100 1 _aMarryat, Frederick,
_d1792-1848
245 1 0 _aJack Rustig
_h[electronic resource] /
_cFrederick Marryat
260 _bProject Gutenberg,
_c2005
506 _aPublic domain in the USA.
516 _aElectronic text
653 _aPoor -- Fiction
653 _aSea stories
700 1 _aBraakensiek, Joh.
_q(Johan Coenraad),
_d1858-1940
700 1 _aDragt, A. J. van
830 0 _aProject Gutenberg
_v16063
856 4 0 _uhttp://www.gutenberg.org/ebooks/16063
942 _cEB
999 _c245318
_d245318